Dalibor Kačmář: Programujeme Net Aplikace
Recenzovaná publikácia oboznamuje čitateľov nielen s modernou NET, ASP.NET a ADO.NET, ale aj s novým programovacím jazykom C# a vývojovým prostredím Visual Studio Net. Publikácia je prínosom nielen pre programátorov, ale aj pre učiteľov a študentov informatiky.
Salvato in:
| Autore principale: | |
|---|---|
| Natura: | Capitolo di libro |
| Lingua: | slovacco |
| Soggetti: | |
| Tags: |
Nessun Tag, puoi essere il primo ad aggiungerne!!
|
MARC
| LEADER | 00000naa$a2200000$$$4500 | ||
|---|---|---|---|
| 001 | 0019833 | ||
| 005 | 20240502071409.8 | ||
| 041 | 0 | |a slo | |
| 044 | |a SK | ||
| 245 | 1 | 0 | |a Dalibor Kačmář: Programujeme Net Aplikace |c Ivan Polášek |
| 520 | |a Recenzovaná publikácia oboznamuje čitateľov nielen s modernou NET, ASP.NET a ADO.NET, ale aj s novým programovacím jazykom C# a vývojovým prostredím Visual Studio Net. Publikácia je prínosom nielen pre programátorov, ale aj pre učiteľov a študentov informatiky. | ||
| 610 | 2 | 0 | |a recenzie |
| 610 | 2 | 0 | |a systémy informačné |
| 610 | 2 | 0 | |a programy počítačové |
| 610 | 2 | 0 | |a systémy operačné |
| 610 | 2 | 0 | |a jazyky programovacie |
| 100 | 1 | |a Polášek, Ivan | |